000 00459nam a2200181Ia 4500
008 230524s9999 xx 000 0 und d
020 _a9788127249359
082 _bMAH
100 _aMandeep Mahendru
_942041
245 0 _aProduction and Opeations Management
250 _a1
260 _aNew Delhi
_bOrissa edi
_c2011
300 _a24.10p:
500 _aQuantity Number: 1
650 _aManagement
700 _aGagan Deep Sharma
_942042
942 _cBK
999 _c56459
_d56459